000 00346pab a2200145 454500
008 180718b2006 xxu||||| |||| 00| 0 eng d
100 _aSubramanian, K.S.
245 _aCost and management accounting in banks
260 _c2006
300 _ap.540-46.
362 _aJul
650 _aBanks
773 _aManagement Accountant
909 _a70544
999 _c70544
_d70544